logo

Bir Sreshtho Munshi Abdur Rouf Library
Jhenaidah Cadet College

যদ্যপি আমার গুরু / (Record no. 1371)

MARC details
000 -LEADER
fixed length control field 00652nam a2200229 a 4500
001 - CONTROL NUMBER
JCCL Control Number 1371
003 - CONTROL NUMBER IDENTIFIER
JCCL marc code BD-JhCC
005 - DATE AND TIME OF LATEST TRANSACTION
control field 20220524134021.0
008 - FIXED-LENGTH DATA ELEMENTS--GENERAL INFORMATION
fixed length control field 171018s1998 bg |||| ||a| 000 0 ben d
020 ## - INTERNATIONAL STANDARD BOOK NUMBER
International Standard Book Number 9844100224
035 ## - SYSTEM CONTROL NUMBER
system control number (BD-JhCC)1371
040 ## - CATALOGING SOURCE
Original cataloging agency BD-JhCC
Modifying agency BD-JhCC
041 ## - LANGUAGE CODE
Language code of Book ben
082 ## - DEWEY DECIMAL CLASSIFICATION NUMBER
Classification number 891.4409
Author mark and Year SOF 1998
100 ## - MAIN ENTRY--PERSONAL NAME
Personal name ছফা, আহামদ
245 ## - TITLE STATEMENT
Title যদ্যপি আমার গুরু /
Statement of responsibility, etc আহামদ ছফা
260 ## - PUBLICATION, DISTRIBUTION, ETC. (IMPRINT)
Place of publication, distribution, etc ঢাকা :
Name of publisher, distributor, etc মাওলা ব্রাদার্স,
Date of publication, distribution, etc 1998
300 ## - PHYSICAL DESCRIPTION
Pagination 109 p. :
Dimensions 24 cm.
650 ## - SUBJECT ADDED ENTRY--TOPICAL TERM
Topical term or geographic name as entry element Bengali Literature
942 ## - ADDED ENTRY ELEMENTS (KOHA)
Source of classification or shelving scheme Dewey Decimal Classification
Koha item type Books
Koha issues (borrowed), all copies 5
Holdings
Source of classification or shelving scheme Damaged status Not for loan Home library Current library Shelving location Cost, normal purchase price Total Checkouts Full call number Barcode Date last seen Date checked out Copy number Koha item type Collection code Date of accession Method of acquisition Currency
Dewey Decimal Classification     JCC Rouf Library JCC Rouf Library General Stacks 100.00 4 891.4409 SOF 1998 2439 06/20/2022 05/23/2022 C-1 Books        
Dewey Decimal Classification     JCC Rouf Library JCC Rouf Library General Stacks 276.00   891.4409 SOF 1998 20309 02/15/2026   C-2 Books Fiction 02/15/2026 Purchase BDT
Dewey Decimal Classification     JCC Rouf Library JCC Rouf Library General Stacks 276.00   891.4409 SOF 1998 20310 02/15/2026   C-3 Books Fiction 02/15/2026 Purchase BDT

JCC Library | Contacts | JCC Home

Last Update on 23 September 2017
Copyright @ 2017-2020 JCC Rouf Library
Rouf Library, Jhenidah Cadet College (JCC), Bangladesh